000 00383nam a2200145Ia 4500
008 231129s1973||||xx |||||||||||||| ||spa||
020 _a84-7232-217-3
040 _bspa
082 _aA861.08 S235f
100 _aSantiago Jose Alberto
245 0 _aFormalidades
260 _c1973
264 _aEdiciones Cultura Hispanica
942 _2ddc
_cBKS
999 _c14109
_d14109